| 000 | 00512 a2200181 4500 | ||
|---|---|---|---|
| 003 | OSt | ||
| 005 | 20230822145712.0 | ||
| 008 | 230822b |||||||| |||| 00| 0 eng d | ||
| 020 | _a9789353163754 | ||
| 040 | _coclc | ||
| 082 |
_a346 _bPAT/L |
||
| 100 | 1 |
_aPathak, Akhileshwar, _d1960- _91109 |
|
| 245 |
_aLEGAL ASPECTS OF BUSINESS / _cAkhileshwar Pathak |
||
| 250 | _a 7ED | ||
| 260 |
_aChennai: _bMcgraw hill, _c2019. |
||
| 300 | _a941 p | ||
| 942 |
_2ddc _cBK _h346 _iPAT/L _k346 _mPAT/L |
||
| 999 |
_c41955 _d41955 |
||